00983nam a2200265M 450000500170000000800410001702000180005802000180007602000180009402000180011202200140013003500210014404000610016504100080022610000230023424500670025726000750032430000590039949000300045850001100048865000270059865000300062565000320065565000300068720231124115115.01 e2012 xxuado fr 000 2 eng d a9780838958575 a9780838994214 a9780838994221 a9780838994245 a0024-2586 a(OCoLC)889181696 aCO-BoUCMbspacSandra PalaciodDavid Moreno (modificó)1 aeng1 aHamilton, Buffy J.10aEmbedded LibrarianshipbTools and PracticescHamilton Buffy J. aChicago (Illinois, Estados Unidos)bAmerican Library Associationc2012 a30 páginasbilustraciones, gráficos, fotografías0 aLibrary tecnology reports aLibrary technology reports. Expert guides to library systems and services. Febrero/marzo 2012. V.48 / N.2 7aBibliotecas escolares  7aBibliotecas académicas  7aServicios de información  7aServicios bibliotecarios